000 01247nam a2200205Ia 4500
008 240825s9999 xx 000 0 und d
020 _a9780749477974
_qpbk
041 _aeng
082 _a340.068
_bWHA
100 _aWhalley, Matthew
245 4 _aThe legal risk management handbook : an international guide to protect your business from legal loss
_c/ Matthew Whalley and Chris Guzelian
250 _a1st ed.
260 _c2017
_aLondon
_bKogan Page
300 _axiii, 217 p.
_b: ill.
_c; 24 cm.
504 _aBib and Ref
520 _aLegal risk covers all areas of business where regulation and the law impact on operations and decisions. From risks arising from contract drafting and management, through to regulators' new focus on conduct, as well as compliance, regulatory and dispute risks, the effective management of legal risk is key for organizations that want to maximise value while minimizing cost and exposure to legal losses. The Legal Risk Management Handbook is a practical guide to making sure your business is legal, protected and making the most of its opportunities. Written by experts in law and risk management.
650 _aCorporate governance Law and legislation
700 _aGuzelian, Chris
942 _cREF
999 _c544127
_d544127